عرض عادي عرض مارك
  • الزهراني، عبد الله بن محمد علي

مدخل إسم شخص

عدد التسجيلات المستخدمة في: 2

001 - رقم الضبط

  • حقل الضبط: 13008

003 - معرف رقم الضبط

  • حقل الضبط: OSt

005 - تاريخ ووقت أخر عملية

  • حقل الضبط: 20120509145518.0

008 - عناصر بيانات ثابتة الطول

  • حقل تحكم ثابت الطول: 120509|||a|||||| | ||| d

040 ## - مصدر الفهرسة

  • هيئة الفهرسة الأصلية: OSt
  • وكالة الكتابة: OSt

100 ## - مدخل -- أسم شخص

  • إسم شخص: الزهراني، عبد الله بن محمد علي

670 ## - بيانات المصدر موجوده

  • الاستشهاد بالمصدر: Work cat.: (OSt): الزهراني، عبد الله بن محمد علي, البيئة من منظور التربية الإسلامية /, 2012